000
00327nam a2200133Ia 4500
005
20251222154419.0
008
251222s9999||||xx |||||||||||||| ||spa||
020
_a
970-10-5504-7
082
_a
611.8/A28
100
_a
"Afifi, Adel KBergman, Ronald A."
245
0
_a
NeuroanatomÃa funcional
250
_a
2a.ed.
942
_c
LIB
999
_c
35977
_d
35977